000 00510nam a22001697a 4500
999 _c11820
_d11820
003 AR-CdUCM
008 190405b ||||| |||| 00| 0 spa d
040 _aMUNICIPALIDAD PROVINCIAL DEL CUSCO
_cBIBLIOTECA MUNICIPAL DEL CUSCO
082 _a869.62 /
_bH92 / 1967
100 _aHurtado Alvarez, Guillermo
_910156
245 _aPensando en la nada /
260 _aBogota :
_c1967.
300 _a52 páginas ;
_c16.5 cm.
650 _aPoesía Argentina.
_91657
942 _2ddc
_cLIBROS
945 _awfj
_d2019-04-05